000 01162nam0a22003011 4500
001 v19\rc\1913424
005 20251118180817.8
035 _a(NLR Aleph) 005024099
090 _a6620544
_c6620544
100 _a20080404d1911 u y0rusy50 ca
101 1 _arus
_cger
102 _aRU
105 _aa z |||||
200 1 _aЗаметки по горловым и носовым болезням
_eДля практ. врачей
_fД-р Иоганн Фейн, прив.-доц. Вен. ун-та
_gПер. д-ра А. Гешелина
_gС предисл. д-ра А.Ф. Беляева
210 _aМосква
_cВ.М. Саблин
_d1911
215 _a[4], X, 219 с., 2 л. ил.
_cил.
_d20
700 1 _6z01790
_aФейн
_bИ.
_f1864-1923
_gИоган
702 1 _aГешелин
_bА.И.
_f1882-1962
_gАлександр Исаакович
_4730
702 1 _aБеляев
_bА.Ф.
_4080
790 1 _6z01700
_aФейн
_bИ.
_f1864-1923
_gИоганн
801 0 _aRU
_bNLR
_gpsbo
801 0 _aRU
_bRuMoRGB
_2psbo
801 1 _aRU
_bProSoft-M
_2rusmarc
852 _aNLR
_j38.74.5.42
899 _aRuMoRGB
_jU 82/398
899 _aБАН
942 _cBOOK
980 _aNB